Statistics for Van Der Linde Gang Members

Click here to take the quiz!

General Stats

  • This quiz has been taken 116 times
  • The average score is 25 of 29

Answer Stats

HintAnswer% Correct
LeaderDutch Van Der Linde
100%
Co-founderHosea Matthews
99%
Attacked by wolves in AmbarinoJohn Marston
97%
John's wifeAbigail Roberts
96%
ChildJack Marston
96%
Gets drunk with Arthur in ValentineLenny Summers
96%
Teaches Arthur to huntCharles Smith
94%
Gets arrested in StrawberryMicah Bell
94%
Camp CookPearson
92%
Mexican RevolutionaryJavier Escuella
90%
Seeks revenge for her murdered husbandSadie Adler
90%
Young Irish theifSean Macguire
90%
LazyUncle
90%
Best in the gangArthur Morgan
87%
Used to be in the U.S. CavalryBill Williamson
87%
Dutch's LoverMolly O'Shea
87%
Boss of the campSusan Grimshaw
87%
LoansharkLeopold Strauss
86%
Ex-O'Driscoll BoyKieran Duffy
85%
Scam artist, trigger womanKaren Jones
83%
Formerly part of the Foreman brothers gangTilly Jackson
83%
Another scam artist womanMary-Beth Gaskill
80%
Conman who is in and out of the campJosiah Trelawny
77%
Brother of above, hanged by PinkertonsMac Callander
76%
Ex-clergyReverend Swanson
73%
Dies shortly after the Blackwater botched heistDavey Callander
69%
Woman killed after Blackwater heistJenny Kirk
63%
Micah's other friendJoe
55%
Micah's friendCleet
54%

Score Distribution

Percentile by Number Answered

Percent of People with Each Score

Your Score History

You have not taken this quiz